| 000 | 00000nam##2200000za#4500 |
| 001 | 9.604241 |
| 003 | CaOODSP |
| 005 | 20210624211455 |
| 007 | cr ||||||||||| |
| 008 | 150406|2005||||xxc|||||o f|0| 0 fre|d |
| 040 | |aCaOODSP|bfre |
| 043 | |an-cn--- |
| 086 | 1 |aTU3-5/05-53F-PDF |
| 110 | 2 |aBureau de la sécurité des transports du Canada. |
| 245 | 10|aContact entre l'aile et la piste à l'atterrissage du Boeing 737-700 C-GWJF de WestJet Airlines à l'aéroport international de Halifax (Nouvelle-Écosse), le 25 décembre 2005 |h[ressource électronique] |
| 260 | |aGatineau - Québec : |bBureau de la sécurité des transports du Canada |c2007. |
| 300 | |a16p.|bfigure, tableaux |
| 490 | 1 |aRapport d'enquête aéronautique |vA05A0161 |
| 500 | |a« Le Bureau a autorisé la publication du rapport le 28 mars 2007 » --p.12. |
| 590 | |a12-33-Supp|b2012-07-18 |
| 775 | 08|tWing contact with runway during landing - WestJet Airlines Boeing 737-700 C-GWJF, Halifax International Airport, Nova Scotia, 25 December 2005 |w(CaOODSP)9.574497 |
| 830 | #0|aRapport d'enquête aéronautique ;|vA05A0161|w(CaOODSP)9.501229 |
| 856 | 40|ahttp://publications.gc.ca|qPDF|s269 Ko|uhttps://publications.gc.ca/collections/collection_2012/bst-tsb/TU3-5-05-53-fra.pdf|yA05A0161 |